MDQL
is popping MORE tags! Check the
thread
!
Quizzes
Events
Quiz Creation
Community
Videos
Private Events
Remove Ads
Sign In
Join for FREE
Feedback
Dark Mode
Quiz Categories
Sports
Geography
Music
Movies
Television
Just For Fun
Miscellaneous
History
Literature
Language
Science
Gaming
Entertainment
Religion
Holiday
For Kids
Quiz Lab
Recent
Popular Today
Quiz Kudos Today
Editor Picks
Curator Picks
Quizzes by...
Day
Popularity
Type
Ratings
Length
Year
Community
Subscriptions
Recent Discussions
Orange Saloon
Badges
Playlists
Quests
Create
Leaderboards
Showdown
Live 5
Trivia Bingo
Activity
Puzzle Library
Sporcle Events
Private Events
Virtual Trivia
Globe League
Become a Host
Pub Owners
SporcleCon
Opinionation
Our Games
Videos
Blog
Mobile Apps
Partnerships
Remove Ads and Go Orange
Feedback
Sports
Athletes
MLB
NBA
NHL
NFL
Soccer
Sports Teams
WWE
NCAA
Football
Premier League
Basketball
Baseball
Hockey
Golf
Tennis
Cricket
Rugby
Auto Racing
Olympics
World Cup
Sports
Athletes
MLB
NBA
NHL
NFL
Soccer
Sports Teams
WWE
NCAA
Football
Premier League
Basketball
Baseball
Hockey
Golf
Tennis
Cricket
Rugby
Auto Racing
Olympics
World Cup
Random Quiz
Search Sporcle
×
Quiz Lab
Quiz Lab
Sports
Animal
Type in answers that appear in a list
Type in answers that appear in a list
Classic
Best Score? Go Orange.
Big 4 Teams That Aren't Animals Stats
Can you name the Big 4 Teams That Aren't Animals?
By
adk810
10m
85 Questions
180 Plays
180 Plays
180 Plays
Comments
Comments
Give Quiz Kudos
Give Quiz Kudos
-
- Ratings
hide this ad
Replay
Link that replays current quiz
Next Quiz
Link to next quiz in quiz playlist
You Got
0%
They Got
Avg Score
76%
Avg Friend Score
Upgrade to see
Score Distribution
Jump to the score distribution portion of the page
Score
0/85
Timer
10:00
0
Plays Today
Hint
Answer
% Correct
NFL
New York Jets
91%
NHL
Winnipeg Jets
89.9%
MLB
Cincinnati Reds
89.9%
NFL
New York Giants
88.2%
NHL
Los Angeles Kings
86.5%
MLB
San Francisco Giants
85.4%
NFL
Washington Redskins
85.4%
NHL
New York Rangers
84.8%
NFL
New England Patriots
84.8%
MLB
Texas Rangers
84.3%
MLB
New York Yankees
82.6%
NFL
Green Bay Packers
82.6%
NHL
Washington Capitals
82%
MLB
New York Mets
82%
NFL
Dallas Cowboys
82%
NFL
San Francisco 49ers
82%
NBA
Miami Heat
82%
NFL
Minnesota Vikings
80.9%
NBA
Boston Celtics
80.9%
NBA
Sacramento Kings
80.9%
NHL
Minnesota Wild
80.3%
NBA
Oklahoma City Thunder
80.3%
NBA
Utah Jazz
80.3%
NFL
Cleveland Browns
79.8%
NFL
Pittsburgh Steelers
79.8%
NBA
Los Angeles Lakers
79.8%
NBA
New York Knicks
79.8%
NHL
Dallas Stars
79.2%
NHL
Edmonton Oilers
79.2%
Hint
Answer
% Correct
NFL
Kansas City Chiefs
79.2%
NFL
Oakland Raiders
78.7%
NHL
Calgary Flames
78.1%
NHL
Colorado Avalanche
78.1%
NHL
Montreal Canadiens
78.1%
NHL
Ottawa Senators
78.1%
NHL
Philadelphia Flyers
78.1%
MLB
Los Angeles Dodgers
78.1%
NFL
San Diego Chargers
78.1%
NHL
New York Islanders
77.5%
NHL
Tampa Bay Lightning
77.5%
MLB
Kansas City Royals
77.5%
NFL
Houston Texans
77.5%
NBA
Golden State Warriors
77.5%
NHL
Vancouver Canucks
77%
MLB
Cleveland Indians
77%
NFL
Tennessee Titans
77%
NBA
Philadelphia 76ers
77%
NHL
Chicago Blackhawks
76.4%
MLB
Philadelphia Phillies
75.8%
MLB
Washington Nationals
75.8%
NBA
Los Angeles Clippers
75.8%
NBA
Phoenix Suns
75.8%
NBA
San Antonio Spurs
75.8%
NFL
Tampa Bay Buccaneers
75.3%
NBA
Washington Wizards
75.3%
NHL
New Jersey Devils
74.7%
NHL
St. Louis Blues
74.7%
MLB
Anaheim Angels
74.7%
Hint
Answer
% Correct
MLB
Minnesota Twins
74.7%
MLB
Pittsburgh Pirates
74.7%
NFL
New Orleans Saints
74.7%
NBA
Brooklyn Nets
74.7%
NBA
Houston Rockets
74.7%
MLB
Houston Astros
74.2%
NBA
Denver Nuggets
74.2%
MLB
San Diego Padres
73.6%
NBA
Cleveland Cavaliers
73.6%
NBA
Orlando Magic
73%
MLB
Colorado Rockies
72.5%
MLB
Milwaukee Brewers
72.5%
NBA
Indiana Pacers
72.5%
NBA
Dallas Mavericks
72.4%
MLB
Atlanta Braves
71.9%
NHL
Carolina Hurricanes
71.3%
MLB
Seattle Mariners
71.3%
NBA
Detroit Pistons
69.7%
MLB
Oakland Athletics
68%
NFL
Buffalo Bills
66.3%
NHL
Buffalo Sabres
65.2%
MLB
Boston Red Sox
64%
MLB
Chicago White Sox
63.5%
NBA
Portland Trail Blazers
62.9%
NHL
Toronto Maple Leafs
60.7%
NHL
Detroit Red Wings
53.9%
NHL
Columbus Blue Jackets
51.1%
Quiz Playlist
Details
Report
Send in Message
Add To Playlist
Classic:
Type in answers that appear in a list
Last Updated: Feb 16, 2017
Quiz Scoreboard
CHALLENGE
Sign Up to Join the Scoreboard
Show All
Scores
Hide
Comments
May contain spoilers
Recently Published
Find the 'City' Movie
by crazypaving
Movies
60s
5x2 Blitz: Bands
by SL_Kpop136
Music
30s
Colored Red Africa Blitz
by spor1
Geography
30s
More to Explore
Quiz From the Vault
Featured Blog Post
14 Easter Pick-up Lines to Find Eggs With
hide this ad
You Might Also Like...
Tags
Animal Quiz
Big 4
team
Today's Top Quizzes in Sports
Browse Sports
hide this ad
Today's Top Quizzes in Animal
Browse Animal
Top Contributed Quizzes in Sports
1
Players with Multiple 50 Home Run Seasons
2
Criteria MLB: Left Handed Sluggers
3
MLB Players with Two .350 Batting Average Seasons
4
Who Hit More Homers?
5
Premier League Clubs since 2000 (minefield)
6
Who Needs Fielders?
7
2020 F1 Drivers Logic Puzzle
8
Les entraîneurs de l'OM et du PSG au 21e siècle
9
Top 10 NHL Goal Scorers of All Time
10
MLB Hall of Famer by Rings
Explore More
Trending Topics
Marvel
Anime
Harry Potter
Kpop
Disney
Crossword
NBA
Soccer
WWE
NFL
Pokémon
Puzzle
Country
Song
The Office
hide this ad
More By:
adk810
Quiz
Plays
Rating
Category
Featured
Created
Big 4 Teams That Aren't Animals
180
2.10
Sports
Jan 11, 2016
Go to Creator's Profile
Score Distribution
Quiz Creator Spotlight
adk810
Follow
Send a Message
Quizzes Created
-
Created Quiz Play Count
-
More By This Creator
Popular Quizzes Today
1
Colored Red Africa Blitz
2
Find the 'City' Movie
3
5x2 Blitz: Bands
4
Find the US States - No Outlines Minefield
5
The Countries of the World
6
Find the US States
7
9x9 Crossword: Cartoon Network
8
US States
More Sports Quizzes
2022 According to Meltzer
Quiz Lab
Trending Quizzes
Colored Red Europe Blitz I
Colored Red Africa Blitz II
Colored Red Africa Blitz III
Colored Red Europe Blitz III
Colored Red Europe Blitz II
Recently Updated
Champions League XIs: Real Madrid
pecheneg
Largest US Cities 1790-2010
pecheneg
Rides in Walt Disney World
pecheneg
Most Oscar Losses (Acting)
pecheneg
Beyoncé Albums
pecheneg
Leaping Animals
pecheneg
Reality TV Shows (A-Z)
bhenderson79
Rickey Henderson's Hall of Fame Teammates
pecheneg
Champions League XIs: Arsenal
pecheneg
Quick Pick: Celebrities in WWE's Hall of Fame
aduchscher
Trending Topics
Marvel
Crossword
Disney
NBA
Harry Potter
Anime
Kpop
WWE
Pokémon
The Office
Soccer
Country
Puzzle
Song
NFL
Your Account Isn't Verified!
In order to create a playlist on Sporcle, you need to verify the email address you used during registration. Go to your
Sporcle Settings
to finish the process.
Report this User
Report this user for behavior that violates our
Community Guidelines
.
Details:
Send Report
Go to the Sporcle.com Mobile Site →
Comments